00428nam a2200145 i 4500001000300000100001600003245004000019260004100059020001500100040000800115041000800123080001200131008004100143856009800184bg1 aSEIFART, M. 0aDigitale Schaltungen /cM. Seifart. aBerlin :bVEB Verlag Technik,c1986. a3341001484 cBPK apol a621.382 s pl f |000 0 pol  uhttp://koha.tu.koszalin.pl/cgi-bin/koha/opac-detail.pl?biblionumber=23426yKatalog online BPK